000 00463nam a2200181Ia 4500
001 9318
005 20260306161709.0
008 260306t2018||||xx |||||||||||||| ||spa||
041 _aESP
082 _a378.1
_bL94
100 _aLozano Luzón, José
_eAUT
245 0 _aCómo realizar la programación didáctica en formación profesional
260 _c2018
300 _a236 páginas :
_c22 cm.
650 _aGEN
654 _aCED
942 _cLIB
_dJUS
_fJUS
_2ddc
_n
999 _c9318
_d9318